Evaluación de las condiciones de septicidad en el colector María Aguilar del Alcantarillado Sanitario Metropolitano
שמור ב:
| מחבר ראשי: | |
|---|---|
| פורמט: | ספר |
| יצא לאור: |
[San José, Costa Rica]
2004
|
| נושאים: | |
| תגים: |
הוספת תג
אין תגיות, היה/י הראשונ/ה לתייג את הרשומה!
|
MARC
| LEADER | 00000nam a2200000Ia 4500 | ||
|---|---|---|---|
| 001 | 4918 | ||
| 003 | 009378 | ||
| 005 | 20221231144136.0 | ||
| 008 | 140114s2004 cr a m 000 ||s d | ||
| 040 | |c cru CEDI | ||
| 100 | |a Elizondo Barquero, José Pablo |9 6367 | ||
| 245 | |a Evaluación de las condiciones de septicidad en el colector María Aguilar del Alcantarillado Sanitario Metropolitano | ||
| 260 | |c 2004 |a [San José, Costa Rica] | ||
| 300 | |a 173, [57] hojas : ilustraciones a color, 2 mapas plegables | ||
| 500 | |a Proyecto de graduación (licenciatura en ingeniería civil)--Universidad de Costa Rica. Facultad de Ingeniería. Escuela de Ingeniería Civil | ||
| 650 | |x DISPOSICION DE AGUAS RESIDUALES |x ALCANTARILLADO |x CORROSION |x DIAGNOSTICO |9 6368 | ||
| 942 | |c TFG | ||
| 999 | |c 17502 |d 17502 | ||
